US County Names - Sudden Death - Statistics

General Stats
  • This quiz has been taken 78 times
  • The average score is 6 of 20
Answers on the Grid
Answers color-coded by a green-red scale on the quiz's grid according to % correct below.
Hudson
Taylor
Mayflower
Tippecanoe
Black Hawk
Iron
Sultana
Cleveland
Pawnee
Frasier
Missouri
Waterloo
Custer
Homer
Crisp
Gideon
Wolfe
Switzerland
Clancy
Cabot
Oakland
Mosquito
Superior
Limestone
Algonquin
McElroy
Shenandoah
Manatee
New Brunswick
Revere
Winnebago
Pocahontas
Larkspur
Red Rock
Freedom
Ransom
Caribou
Vista
Eastwood
Saluda
 
Answer Stats
Answer % Correct
Cleveland
45%
Hudson
45%
Iron
45%
Manatee
41%
Oakland
41%
Switzerland
41%
Limestone
36%
Pawnee
32%
Tippecanoe
32%
Black Hawk
27%
Crisp
27%
Pocahontas
27%
Shenandoah
27%
Taylor
27%
Caribou
23%
Custer
23%
Ransom
23%
Winnebago
23%
Saluda
18%
Wolfe
18%
No matching quizzes found
Score Distribution
Percent of People with Each Score
Percentile by Number Answered
Your Score History
You have not taken this quiz